书目信息 |
| 题名: |
蝶变:从金融风暴走向全球共治
|
|
| 作者: | 方明 著 | |
| 分册: | ||
| 出版信息: | 北京 中国财政经济出版社 2009 |
|
| 页数: | 339页 | |
| 开本: | 24cm | |
| 丛书名: | ||
| 单 册: | ||
| 中图分类: | F831.0 | |
| 科图分类: | ||
| 主题词: | 金融危机--研究--世界 , 金融危机 | |
| 电子资源: | ||
| ISBN: | 978-7-5095-1658-4 | |
| 000 | 00820nam0 2200241 45 | |
| 001 | 1034577093 | |
| 005 | 20100319083458.84 | |
| 010 | @a978-7-5095-1658-4@dCNY40.00 | |
| 100 | @a20100312d2009 em y0chiy0110 ea | |
| 101 | 0 | @achi |
| 102 | @aCN@b110000 | |
| 105 | @aa z 000yy | |
| 106 | @ar | |
| 200 | 1 | @a蝶变:从金融风暴走向全球共治@ADie Bian: Cong Jin Rong Feng Bao Zou Xiang Quan Qiu Gong Zhi@f方明著@FFang Ming Zhu |
| 210 | @a北京@c中国财政经济出版社@d2009 | |
| 215 | @a339页@c图@d24cm | |
| 330 | @a本书共六章,内容包括:从次贷危机到全球金融风暴、全球金融风暴史、全球金融风暴探析、全球经济和金融市场之船将驶向何方等。 | |
| 606 | 0 | @a金融危机@x研究@y世界 |
| 606 | 0 | @a金融危机 |
| 690 | @aF831.0@v4 | |
| 701 | 0 | @a方明@AFang Ming@4著 |
| 801 | 0 | @aCN@bTANGWEI@c20100319 |
| 905 | @b0586464-67@dF831.0@e36@f4 | |
| 蝶变:从金融风暴走向全球共治/方明著.-北京:中国财政经济出版社,2009 |
| 339页:图;24cm |
| ISBN 978-7-5095-1658-4:CNY40.00 |
| 本书共六章,内容包括:从次贷危机到全球金融风暴、全球金融风暴史、全球金融风暴探析、全球经济和金融市场之船将驶向何方等。 |
| ● |
| 相关链接 |
|
|
|
|
正题名:蝶变:从金融风暴走向全球共治
索取号:F831.0/36
 
预约/预借
| 序号 | 登录号 | 条形码 | 馆藏地/架位号 | 状态 | 备注 |
| 1 | 0586464 | 205864643 | 第一样本阅览室/ [索取号:F831.0/36] | 在馆 | |
| 2 | 0586465 | 205864652 | 密集书库-海洋学院/ [索取号:F831.0/36] | 在馆 | |
| 3 | 0586466 | 205864661 | 第一借阅区/ [索取号:F831.0/36] | 在馆 | |
| 4 | 0586467 | 205864670 | 第一借阅区/ [索取号:F831.0/36] | 在馆 |